000 00622nam a2200193Ia 4500
005 20250508170134.0
008 008 250505s9999 xx 000 0 eng d
037 _aTheses
040 _aFEDL
_beng
_cFEDL
041 _aeng
_2eng
084 _a372, UTK/TH
_qFEDL
100 _aUtkarsh
245 0 _aStudy on the efficacy of metalinguistic awareness instruction for enhancing reading comprehension of primary school students
260 _c2020
300 _axxii, 223p.
546 _aPh.D Thesis (Delhi University); Gifted by Dr. Neera Narang
942 _cTH
_h372, UTK/TH
999 _c1399404
_d1399404